000 00733nam a2200217Ia 4500
005 20220302091923.0
008 210716s2013 xx 000 0 und d
020 _a9780070656727
040 _cAIMIT LIBRARY
041 _aeng
082 _a658.8102
_21
_bFAUA
100 _aFaujdar, Ashok.
_922197
245 _aSAP :
_bsales and distribution certification guide /
_cBy Ashok Faujdar and Binny Kumari Choudhary.
250 _a1st ed.
260 _aNew Delhi :
_bTata McGraw Hill Publishing Company Ltd ,
_c2013.
300 _aXii, 171p. ;
_c22.5 cm.
650 _aEnterprise structures
_922198
650 _aSales document structure
_922199
700 _aChoudhary, Binny Kumari.
_922200
942 _2ddc
_cBK
_e1st
_k658.8102 FAUA
999 _c209224
_d209224